Introduction to orthotics : (Record no. 118832)

MARC details
000 -LEADER
fixed length control field 00943nam a2200301 a 4500
008 - FIXED-LENGTH DATA ELEMENTS--GENERAL INFORMATION
fixed length control field
020 ## - INTERNATIONAL STANDARD BOOK NUMBER
International Standard Book Number 9780323091015 (spiral-bound)
049 ## - LOCAL HOLDINGS (OCLC)
Holding library MAIN
050 #4 - LIBRARY OF CONGRESS CALL NUMBER
Classification number RD559
Item number COP
003 - CONTROL NUMBER IDENTIFIER
control field
005 - DATE AND TIME OF LATEST TRANSACTION
control field 20230120204207.0
040 ## - CATALOGING SOURCE
Transcribing agency NUST
100 1# - MAIN ENTRY--PERSONAL NAME
Personal name Coppard, Brenda M.
245 10 - TITLE STATEMENT
Title Introduction to orthotics :
Remainder of title a clinical reasoning & problem-solving approach /
Statement of responsibility, etc. Brenda M. Coppard, Helene Lohman.
250 ## - EDITION STATEMENT
Edition statement 4th ed.
260 ## - PUBLICATION, DISTRIBUTION, ETC.
Place of publication, distribution, etc. St. Louis :
Name of publisher, distributor, etc. Elsevier/Mosby,
Date of publication, distribution, etc. 2015.
300 ## - PHYSICAL DESCRIPTION
Extent xiii, 485 p. :
Other physical details ill. ;
Dimensions 28 cm.
500 ## - GENERAL NOTE
General note Includes index.
504 ## - BIBLIOGRAPHY, ETC. NOTE
Bibliography, etc. note Includes bibliographical references.
650 #0 - SUBJECT ADDED ENTRY--TOPICAL TERM
Topical term or geographic name entry element Splints (Surgery)
650 #0 - SUBJECT ADDED ENTRY--TOPICAL TERM
Topical term or geographic name entry element Hand
General subdivision Wounds and injuries
-- Treatment.
650 #0 - SUBJECT ADDED ENTRY--TOPICAL TERM
Topical term or geographic name entry element Occupational therapy assistants.
650 12 - SUBJECT ADDED ENTRY--TOPICAL TERM
Topical term or geographic name entry element Splints.
650 22 - SUBJECT ADDED ENTRY--TOPICAL TERM
Topical term or geographic name entry element Occupational Therapy.
700 1# - ADDED ENTRY--PERSONAL NAME
Personal name Lohman, Helene.
907 ## - LOCAL DATA ELEMENT G, LDG (RLIN)
a .b10364882
b 05-11-15
c 04-11-15
942 ## - ADDED ENTRY ELEMENTS (KOHA)
Koha item type Ordinary Loan Books
Holdings
Date last seen Total Checkouts Full call number Barcode Cost, replacement price Price effective from Koha item type Lost status Source of classification or shelving scheme Damaged status Not for loan Collection Withdrawn status Home library Current library Shelving location Date acquired Cost, normal purchase price
01/20/2023   RB45 HEM 92004040829 80.00 01/20/2023 BOOKS   LCC     NFIC   Medical Medical GEN 01/20/2023 80.00